000 00861nam a2200205 a 4500
001 000045836
005 20240307173900.0
008 150519s1988 dr 000 0 spa d
040 _aDO-SdBNP
_bspa
_cBNPHU
100 1 _aMella Mejías, César
_d1950-
_9210
245 1 0 _aSalud mental del Dominicano. :
_buna aproximación básica /
_cCésar Mella Mejías.
260 _aSanto Domingo :
_bUniversitaria-UASD,
_c1988.
490 1 _aPublicaciones de la Universidad Autónoma de Santo Domingo
_v598
490 1 _aSalud y sociedad
_v14
500 _aIncluye datos biográficos del autor en la contraportada.
590 _aPerteneció a la biblioteca personal de Erick Landestoy
710 1 _aUniversidad Autónoma de Santo Domingo
_972951
830 0 _aPublicaciones de la Universidad Autónoma de Santo Domingo
_n598
_973910
830 0 _aSalud y sociedad
_n14
_973911
999 _c45325
_d45325